UNTO RESEARCH: CHINMAYA INTERNATIONAL FOUNDATION (Record no. 8771)

MARC details
000 -LEADER
fixed length control field 00404nam a22001577a 4500
005 - DATE AND TIME OF LATEST TRANSACTION
control field 20250801111658.0
008 - FIXED-LENGTH DATA ELEMENTS--GENERAL INFORMATION
fixed length control field 250801b |||||||| |||| 00| 0 eng d
020 ## - INTERNATIONAL STANDARD BOOK NUMBER
ISBN 978-1-60827-008-8
041 ## - LANGUAGE CODE
Language code of text/sound track or separate title eng
100 ## - MAIN ENTRY--AUTHOR NAME
Personal name SETH, MEERA
245 ## - TITLE STATEMENT
Title UNTO RESEARCH: CHINMAYA INTERNATIONAL FOUNDATION
260 ## - PUBLICATION, DISTRIBUTION, ETC. (IMPRINT)
Name of publisher CHINMAYA PUBLICATIONS
300 ## - PHYSICAL DESCRIPTION
Number of Pages i-ix;p 247;P
650 ## - SUBJECT ADDED ENTRY--TOPICAL TERM
Topical Term FICTION
942 ## - ADDED ENTRY ELEMENTS (KOHA)
Koha item type Books
Holdings
Lost status Damaged status Collection code Home library Current library Date acquired Source of acquisition Accession Number Koha item type
    Non-fiction JRU Library JRU Library 01/08/2025 DONATED 0061/D Books